000 00332nam a2200157Ia 4500
100 _aXavier/C
650 _aHTML
942 _cBK
366 _f20
245 _aWorld wide web design with HTML
260 _bTata Mc Graw hill Ltd.
_c2000
082 _a4.65
_bXAV
300 _a257
546 _aENGLISH
_cComputers
999 _c29775
_d29775